Top 20 AFC Bournemouth Players By Appearance - Statistics

General Stats
  • This quiz has been taken 11 times
  • The average score is 7 of 20
Answer Stats
Appearances Duration Player % Correct
388 2011 – 2022 Steve Cook
100%
324 2011 – 2020 Simon Francis
89%
375 2010 – 2011 2014 – now Adam Smith
78%
310 1995 – 20022004 – 2007 Eddie Howe
78%
726 1992 – 20072009 – 2013 Steve Fletcher
78%
265 2011 – 2020 Charlie Daniels
67%
312 2010 – 2019 Marc Pugh
44%
222 1991 – 19982000 – 2003 Andrew Surman
33%
301 2005 – 2018 Brett Pitman
33%
407 1997 – 2007 James Hayter
33%
483 1994 – 2008 Neil Young
22%
378 1924 – 1933 Ron Eyre
22%
240 2005 – 2012 Shaun Cooper
11%
277 2000 – 20012003 – 2012 Warren Cummings
11%
255 2010 – 2020 Harry Arter
0%
398 1968 – 1979 Keith Miller
0%
436 1958 – 1969 Ray Bumstead
0%
441 1984 – 1995 Sean O'Driscoll
0%
317 1904 – 1920 Stephen Purches
0%
389 1952 – 1962 Tommy Godwin
0%
No matching quizzes found
Score Distribution
Percent of People with Each Score
Percentile by Number Answered
Your Score History
You have not taken this quiz